| 000 | 00000nam 2200000za 4500 |
| 001 | 9.832757 |
| 003 | CaOODSP |
| 005 | 20221107150045 |
| 007 | cr ||||||||||| |
| 008 | 170221t2017 onc o f000 0 fre d |
| 020 | |a978-0-660-07707-9 |
| 040 | |aCaOODSP|bfre |
| 043 | |an-cn--- |
| 086 | 1 |aCW69-14/2-60-2017F-PDF |
| 245 | 00|aSommaire du statut de l’espèce du COSEPAC sur le Lapin de Nuttall de la sous-espèce nuttallii, Sylvilagus nuttallii nuttallii, au Canada |h[ressource électronique]. |
| 260 | |aOttawa : |bEnvironnement et Changement climatique Canada, |c2017, c2016. |
| 300 | |a[20] p. : |bfigures. |
| 500 | |aPubl. aussi en anglais sous le titre : COSEWIC status appraisal summary on the Nuttall's Cottontail nuttallii subspecies, Sylvilagus nuttallii nuttallii, in Canada. |
| 500 | |aTitre de la couv. |
| 500 | |a« Préoccupante, 2016. » |
| 500 | |a« Le COSEPAC remercie David Nagorsen d’avoir rédigé le sommaire du statut sur le lapin de Nuttall de la sous-espèce nuttallii (Sylvilagus nuttallii nuttallii), aux termes d’un marché conclu avec Environnement Canada. La supervision et la révision du sommaire du statut ont été assurées par Justina Ray, coprésidente du Sous-comité despécialistes des mammifères terrestres du COSEPAC. » |
| 692 | 07|2gccst|aEspèce menacée |
| 692 | 07|2gccst|aMammifére |
| 692 | 07|2gccst|aConservation de la nature |
| 700 | 1 |aNagorsen, David W. |
| 700 | 1 |aRay, Justina C. |
| 710 | 2 |aComité sur la situation des espèces en péril au Canada. |
| 710 | 1 |aCanada. |bEnvironnement et changement climatique Canada. |
| 710 | 2 |aService canadien de la faune. |
| 775 | 08|tCOSEWIC status appraisal summary on the Nuttall's Cottontail nuttallii subspecies, Sylvilagus nuttallii nuttallii, in Canada |w(CaOODSP)9.832756 |
| 856 | 40|qPDF|s2.28 MB|uhttps://publications.gc.ca/collections/collection_2017/eccc/CW69-14-2-60-2017-fra.pdf |